| 000 | 00771cam a22002413a 4500 | ||
|---|---|---|---|
| 001 | 21957 | ||
| 003 | PGUSA | ||
| 005 | 20140828083451.0 | ||
| 008 | 070628s2007||||xxu|||||s|||||000 | eng d | ||
| 040 |
_aPGUSA _beng |
||
| 042 | _adc | ||
| 050 | 4 | _aMT | |
| 100 | 1 |
_aTaylor, David C. _q(David Clark), _d1871-1918 |
|
| 245 | 1 | 4 |
_aThe Psychology of Singing : _bA Rational Method of Voice Culture Based on a Scientific Analysis of All Systems, Ancient and Modern _h[electronic resource] / _cDavid C. Taylor |
| 260 |
_bProject Gutenberg, _c2007 |
||
| 506 | _aPublic domain in the USA. | ||
| 516 | _aElectronic text | ||
| 653 | _aSinging | ||
| 653 | _aVoice culture | ||
| 830 | 0 |
_aProject Gutenberg _v21957 |
|
| 856 | 4 | 0 | _uhttp://www.gutenberg.org/ebooks/21957 |
| 942 | _cEB | ||
| 999 |
_c251212 _d251212 |
||